| 000 | 01460cam a22003855a 4500 | ||
|---|---|---|---|
| 001 | 16847102 | ||
| 003 | EG-ScBUE | ||
| 005 | 20220621103028.0 | ||
| 006 | m||||fq||h 00| 0 | ||
| 008 | 110628t2011 enka f 000 0 eng d | ||
| 020 | _a9780194756174 (Teacher's Handbook) | ||
| 020 | _a9780194756433 (Q online practice Teacher Access code card) | ||
| 040 |
_aEG-ScBUE _beng _erda _cEG-ScBUE _dEG-ScBUE |
||
| 082 | 0 | 4 |
_a428.24 _bIAN _222 |
| 100 | 1 |
_aIannuzzi, Susan, _eauthor. _941962 |
|
| 245 | 1 | 0 |
_aQ : _bskills for success. _n3, _pListening and speaking, _pTeacher's handbook / _cSusan Iannuzzi. |
| 246 | 3 | 0 | _aListening and speaking |
| 246 | 3 | 0 | _aTeacher's handbook |
| 264 | 1 |
_aNew York, NY : _aOxford, UK : _bOxford University Press, _c[2011] |
|
| 264 | 4 | _cc2011 | |
| 300 |
_axix, 110 pages : _billustrations (some color) ; _c26 cm + _e1 CD |
||
| 336 |
_2rdacontent _atext _btxt |
||
| 336 |
_2rdacontent _asounds _bsnd |
||
| 337 |
_2rdamedia _aunmediated _bn |
||
| 337 |
_2rdamedia _aaudio _bs |
||
| 338 |
_2rdacarrier _avolume _bnc |
||
| 338 |
_2rdacarrier _acomputer disc _bcd |
||
| 500 | _aIncludes Teacher access code for Q online practice and Q Testing program CD-ROM. | ||
| 650 | 7 |
_aEnglish language _vTextbooks for foreign speakers. _2BUEsh _931157 |
|
| 651 | _2BUEsh | ||
| 653 |
_bHHUUEENN _cAugust2015 _cJanuary2019 |
||
| 655 |
_vReading book _934232 |
||
| 856 | 4 | 2 |
_3Q online practice _uhttps://q.ouponlinepractice.com/auth/index |
| 942 |
_2ddc _cTR |
||
| 999 |
_c16990 _d16964 |
||